200 mots aléatoire Harry Potter 1 #5 - Statistiques

Statistiques générales
  • Ce quiz a été pris 46 fois
  • Le résultat moyen est 109 sur 200
Statistiques - réponses
Réponses % Correct
à
97%
—C'
92%
d'
92%
Harry
92%
Harry.
92%
Hermione,
89%
l'
89%
n'
89%
Ron.
89%
Ron
89%
s'
89%
de
87%
Il
84%
—Il
84%
est-
82%
est
82%
et
82%
la
82%
ce
79%
Ils
79%
ils
79%
qu'
79%
—Qu'
79%
qu
79%
se
79%
le
76%
Le
76%
les
74%
Les
74%
'on
74%
on
74%
un
71%
des
68%
qui
68%
dit
66%
pas
66%
une
66%
au
63%
En
61%
en
61%
pour
61%
sa
61%
—Nous
58%
nous
58%
nous-
58%
ses
58%
va
55%
vous
55%
dans
53%
autre
50%
côté
50%
côté.
50%
côté?
50%
demanda
50%
fait,
50%
y
50%
cavalier
47%
échecs
47%
échecs,
47%
faut..
47%
faut
47%
partie
47%
autres
45%
autres.
45%
deux
45%
falloir
45%
noir
45%
passer
45%
plus
45%
salle,
45%
trouvaient
45%
avaient
42%
—Comment
42%
jouer
42%
sur
42%
pièces
39%
main
37%
pierre.
37%
pierre
37%
prendre?
37%
vers
37%
avança
34%
avoir
34%
échiquier
34%
étaient
34%
eux
34%
eux,
34%
évident,
34%
non?
34%
blanches.
32%
blanches
32%
blanches,
32%
géant,
32%
grandes
32%
noires
32%
porte.
32%
tête
32%
tête.
32%
tourna
32%
cheval.
29%
cheval
29%
mêmes
29%
bord
26%
été
26%
maintenant?
26%
bien
24%
derrière
24%
Derrière
24%
face
24%
posa
24%
inquiète.
21%
joigne
21%
sabots
18%
sans
18%
tenaient
18%
transformer
18%
doute
16%
semblaient
16%
arriver
13%
frappa
13%
signe
13%
sculptées
11%
anima.
8%
apercevaient
8%
approuva
8%
euh...
8%
obligés
8%
serons
8%
visage.
8%
Aussitôt,
5%
casque.
5%
murmura
5%
coiffée
3%
furent
3%
frisson.
0%
parcourus
0%
Aucun quiz correspondant
Distribution des résultats
% des personnes avec chaque résultat
Percentile par nombre de réponses
Votre historique - résultats
Vous n’avez pas pris ce quiz